000 00239nam a22001217a 4500
999 _c156899
_d156899
082 _a
_b
100 _aD C Kurup
245 _aTagore prathibha/
_cby D C Kurup.
260 _a
_b
_c1987.
300 _a38p.
650 _a
942 _cBK